000 00447nam a22001697a 4500
008 170407b xxu||||| |||| 00| p tur d
020 _a9753318634
041 _atur
050 _aPL234.B4135
100 _a Behramoğlu, Ataol
_9155
245 _aKızıma Mektuplar
_cAtaol Behramoğlu
250 _a9. Baskı
260 _aİstanbul
_bEpsilon Yayınları
_cNisan 2006
300 _a269 sayfa
650 0 _9145
_aTürk Edebiyatı
942 _2lcc
_cBK
999 _c897
_d882